<?xml version="1.0" encoding="UTF-8"?>
<record
    xmlns:xsi="http://www.w3.org/2001/XMLSchema-instance"
    xsi:schemaLocation="http://www.loc.gov/MARC21/slim http://www.loc.gov/standards/marcxml/schema/MARC21slim.xsd"
    xmlns="http://www.loc.gov/MARC21/slim">

  <leader>03520cam a22002655a 4500</leader>
  <controlfield tag="001">18792562</controlfield>
  <controlfield tag="005">20170420121056.0</controlfield>
  <controlfield tag="008">150921t2016    nyua   frb    001 0 eng d</controlfield>
  <datafield tag="020" ind1=" " ind2=" ">
    <subfield code="a">9780826119964</subfield>
  </datafield>
  <datafield tag="040" ind1=" " ind2=" ">
    <subfield code="a">DNLM/DLC</subfield>
    <subfield code="b">eng</subfield>
    <subfield code="c">DLC</subfield>
    <subfield code="d">DLC</subfield>
    <subfield code="d">EG-ScBUE</subfield>
  </datafield>
  <datafield tag="082" ind1="0" ind2="4">
    <subfield code="2">22</subfield>
    <subfield code="a">610.73</subfield>
    <subfield code="b">JEF</subfield>
  </datafield>
  <datafield tag="100" ind1="1" ind2=" ">
    <subfield code="a">Jeffreys, Marianne R.</subfield>
  </datafield>
  <datafield tag="245" ind1="1" ind2="0">
    <subfield code="a">Teaching cultural competence in nursing and health care inquiry, action, and innovation /</subfield>
    <subfield code="c">Marianne R. Jeffreys.</subfield>
  </datafield>
  <datafield tag="250" ind1=" " ind2=" ">
    <subfield code="a">3rd ed.</subfield>
  </datafield>
  <datafield tag="260" ind1=" " ind2=" ">
    <subfield code="a">New York :</subfield>
    <subfield code="b">Springer Publishing Company,</subfield>
    <subfield code="c">c.2016.</subfield>
  </datafield>
  <datafield tag="300" ind1=" " ind2=" ">
    <subfield code="a">xxi, 592 p. :</subfield>
    <subfield code="b">ill. ;</subfield>
    <subfield code="c">23 cm.</subfield>
  </datafield>
  <datafield tag="504" ind1=" " ind2=" ">
    <subfield code="a">Includes bibliographical references and index.</subfield>
  </datafield>
  <datafield tag="505" ind1="0" ind2=" ">
    <subfield code="a">Overview of key issues and concerns, with contribution from Kevin Antoine -- Dynamics of diversity : becoming better health care providers through cultural competence -- A model to guide cultural competence education -- Transcultural self-efficacy tool (TSET), with contributions from Ayla Bayik Temel, Fatma Basalan Iz, Jing Chen, Mark Fridline, Faye J. Grund, Pavlos Sarafis, Sharon See, Lisa Young, Carol Reece, Maria Malliarou, Margaret M. Halter -- A guide for interpreting learners' transcultural self-efficacy perceptions, identifying at-risk individuals, and avoiding pitfalls -- Cultural competence clinical evaluation tool (CCCET) and clinical setting assessment -- Tool-diversity and disparity (CSAT-DD), with contributions from Enis Dogan and Lynn Schmidt -- Academic settings : general overview, faculty self-assessment, and curriculum evaluation, with contributions from Grace Hoyer, Joanne K. Singleton, Jason T. Slyer, Patricia Burrell, Phyllis D. Barham, Richardean Benjamin, Phyllis M. Eaton, Kay Palmer, Carolyn M. Rutledge, and Lynn Wiles -- Enhancing cultural competence : face-to-face classrooms, hybrid, and online with contributions from Theresa M. Adams and Kathleen M. Nevel -- Enhancing cultural competence : clinical settings, immersion experiences, service-learning, simulation and nursing skills laboratory with contributions from Polly M. McArthur, Sandra J. Mixer, Susan Fancher, Rachelle Larsen, Polly M. McArthur, Roxanne Amerson, LuAnn Reif, and Monique Rogers-Walker -- Case exemplar : linking strategies-spotlight on the cultural discovery integrated -- Approach with contributions from Mary O'Donnell and Judy Xiao -- Case exemplar : linking strategies-spotlight on the innovative field trip experience with contributions from Lenore Bertone, Jo-Ann Douglas, Vivien Li and Sara Newman -- Faculty advisement and helpfulness : a culturally congruent approach -- Health care institutions : general overview, inquiry, action, and innovation with contributions from Jeanette Velez, Stephen R. Marrone and Carolyn Bloch -- Case exemplar : linking strategies-spotlight on employee orientation programs to enhance cultural competence with contributions from Cynthia Karczewski -- Case exemplar : linking strategies-spotlight on employee inservice education to enhance cultural competence with contributions from Patricia Bartley-Daniele and Karen Kennedy -- Professional associations : general overview, inquiry, action, and innovation with contributions from Michelle Romano, Stephen R. Marrone, Eleanor T. Campbell, John Collins, and Margaret Andrews -- New priorities : challenges and future directions.</subfield>
  </datafield>
  <datafield tag="650" ind1=" " ind2="7">
    <subfield code="a">Transcultural nursing.</subfield>
    <subfield code="2">BUEsh</subfield>
    <subfield code="9">36287</subfield>
  </datafield>
  <datafield tag="650" ind1=" " ind2="7">
    <subfield code="a">Minorities</subfield>
    <subfield code="x">Medical care.</subfield>
    <subfield code="2">BUEsh</subfield>
  </datafield>
  <datafield tag="650" ind1=" " ind2="7">
    <subfield code="a">Nursing</subfield>
    <subfield code="x">Social aspects.</subfield>
    <subfield code="2">BUEsh</subfield>
    <subfield code="9">28875</subfield>
  </datafield>
  <datafield tag="651" ind1=" " ind2=" ">
    <subfield code="2">BUEsh</subfield>
  </datafield>
  <datafield tag="653" ind1=" " ind2=" ">
    <subfield code="b">NNUR</subfield>
    <subfield code="c">April2017</subfield>
  </datafield>
  <datafield tag="942" ind1=" " ind2=" ">
    <subfield code="2">ddc</subfield>
  </datafield>
  <datafield tag="999" ind1=" " ind2=" ">
    <subfield code="c">24680</subfield>
    <subfield code="d">24652</subfield>
  </datafield>
  <datafield tag="952" ind1=" " ind2=" ">
    <subfield code="0">0</subfield>
    <subfield code="1">0</subfield>
    <subfield code="2">ddc</subfield>
    <subfield code="4">0</subfield>
    <subfield code="7">0</subfield>
    <subfield code="8">&#x627;&#x64A;&#x645;&#x643;</subfield>
    <subfield code="a">MAIN</subfield>
    <subfield code="b">MAIN</subfield>
    <subfield code="c">1ST</subfield>
    <subfield code="d">2017-04-20</subfield>
    <subfield code="e">Purchase</subfield>
    <subfield code="g">1747.00</subfield>
    <subfield code="h">3673</subfield>
    <subfield code="l">2</subfield>
    <subfield code="o">610.73 JEF</subfield>
    <subfield code="p">000041672</subfield>
    <subfield code="r">2025-07-15 00:00:00</subfield>
    <subfield code="s">2019-03-19</subfield>
    <subfield code="v">2183.80</subfield>
    <subfield code="y">BB</subfield>
  </datafield>
</record>
